Tourism Geography: (Record no. 356039)
[ view plain ]
| 000 -LEADER | |
|---|---|
| fixed length control field | 00383nam a2200121Ia 4500 |
| 008 - FIXED-LENGTH DATA ELEMENTS--GENERAL INFORMATION | |
| fixed length control field | 180305s9999 xx 000 0 und d |
| 020 ## - INTERNATIONAL STANDARD BOOK NUMBER | |
| International Standard Book Number | 9780415854443 |
| 100 ## - MAIN ENTRY--PERSONAL NAME | |
| Personal name | Williams, Stephen |
| 245 ## - TITLE STATEMENT | |
| Statement of responsibility, etc | Stephen Williams, Alan A. Lew |
| Title | Tourism Geography: |
| Remainder of title | Critical Understandings of Place, Space and Experience |
| 250 ## - EDITION STATEMENT | |
| Edition statement | 3rd ed. |
| 260 ## - PUBLICATION, DISTRIBUTION, ETC. (IMPRINT) | |
| Place of publication, distribution, etc | USA |
| Name of publisher, distributor, etc | Routledge |
| Date of publication, distribution, etc | 2015 |
| 300 ## - PHYSICAL DESCRIPTION | |
| Extent | 327 Pages |
| Withdrawn status | Lost status | Damaged status | Home library | Current library | Shelving location | Date acquired | Source of acquisition | Total Checkouts | Full call number | Barcode | Date last seen | Price effective from | Koha item type |
|---|---|---|---|---|---|---|---|---|---|---|---|---|---|
| College Library | College Library | Reserve Section | 03/05/2018 | G 155.A1 .W49 2015 | c21289 | 05/15/2018 | 03/05/2018 | Books |